<?xml version="1.0" encoding="UTF-8"?>
<record
    xmlns:xsi="http://www.w3.org/2001/XMLSchema-instance"
    xsi:schemaLocation="http://www.loc.gov/MARC21/slim http://www.loc.gov/standards/marcxml/schema/MARC21slim.xsd"
    xmlns="http://www.loc.gov/MARC21/slim">

  <leader>02504nam a2200253 i 4500</leader>
  <controlfield tag="003">DO-SdBNP</controlfield>
  <controlfield tag="005">20230720143054.0</controlfield>
  <controlfield tag="006">a||||gr|||| 00| 0 </controlfield>
  <controlfield tag="007">ta</controlfield>
  <controlfield tag="008">230720e1944    dr a|||| |||| 00| 0 spa d</controlfield>
  <datafield tag="040" ind1=" " ind2=" ">
    <subfield code="a">DO-SdBNP</subfield>
    <subfield code="b">spa</subfield>
    <subfield code="c">BNPHU</subfield>
    <subfield code="e">rda</subfield>
  </datafield>
  <datafield tag="082" ind1=" " ind2="4">
    <subfield code="2">22</subfield>
    <subfield code="a">368.7097293</subfield>
    <subfield code="b">P645s </subfield>
  </datafield>
  <datafield tag="100" ind1="1" ind2=" ">
    <subfield code="a">Pina, Tulio H.</subfield>
    <subfield code="9">37097</subfield>
    <subfield code="e">autor</subfield>
  </datafield>
  <datafield tag="245" ind1="1" ind2="0">
    <subfield code="a">Seguros sobre accidentes del trabajo :</subfield>
    <subfield code="b">estudio metodol&#xF3;gico - comentarios cr&#xED;ticos - brees estudio comparativo de las legislaciones de la Rep&#xFA;blica de Cuba, Puerto Rico y Rep&#xFA;blica Dominicana- tarifa de primas - salario m&#xED;nimo - jornada comercial - cat&#xE1;logo de mecanismos - estad&#xED;stica. /</subfield>
    <subfield code="c">Tulio H. Pina.</subfield>
  </datafield>
  <datafield tag="264" ind1=" " ind2="1">
    <subfield code="a">Ciudad Trujillo, Rep&#xFA;blica Dominicana :</subfield>
    <subfield code="b">Montalvo,</subfield>
    <subfield code="c">1944</subfield>
  </datafield>
  <datafield tag="300" ind1=" " ind2=" ">
    <subfield code="a">271 p&#xE1;ginas :</subfield>
    <subfield code="b">Ilustraciones, gr&#xE1;ficas ;</subfield>
    <subfield code="c">23 cm.</subfield>
  </datafield>
  <datafield tag="336" ind1=" " ind2=" ">
    <subfield code="2">rdacontent</subfield>
    <subfield code="a">texto</subfield>
    <subfield code="b">txt</subfield>
  </datafield>
  <datafield tag="337" ind1=" " ind2=" ">
    <subfield code="2">rdamedia</subfield>
    <subfield code="a">sin medici&#xF3;n</subfield>
    <subfield code="b">n</subfield>
  </datafield>
  <datafield tag="338" ind1=" " ind2=" ">
    <subfield code="2">rdacarrier</subfield>
    <subfield code="a">volumen</subfield>
    <subfield code="b">nc</subfield>
  </datafield>
  <datafield tag="505" ind1=" " ind2=" ">
    <subfield code="a">Dedicatoria.-- Liminar.</subfield>
    <subfield code="g">Primera parte.</subfield>
    <subfield code="t">Breves datos hist&#xF3;ricos y de legislaci&#xF3;n.--</subfield>
    <subfield code="g">T&#xED;tulo Primero.</subfield>
    <subfield code="t">Del patrono. Del obrero, trabajador o empleado. Del Salario o sueldo.--</subfield>
    <subfield code="g">T&#xED;tulo Segundo.</subfield>
    <subfield code="t">La P&#xF3;liza. - La Prima.--</subfield>
    <subfield code="g">T&#xED;tulo Tercero.</subfield>
    <subfield code="t">Del accidente. Derecho del lesionado. Peritaje m&#xE9;dico. La muerte del lesionado.--</subfield>
    <subfield code="g">T&#xED;tulo cuarto.</subfield>
    <subfield code="t">De las Compensaciones. - De las Indemnizaciones.--</subfield>
    <subfield code="g">T&#xED;tulo Quinto.</subfield>
    <subfield code="t">Intervenci&#xF3;n judicial.-- Recursos.--</subfield>
    <subfield code="g">T&#xED;tulo Sexto.</subfield>
    <subfield code="t">Seguro por asociaciones.-- </subfield>
    <subfield code="g">T&#xED;tulo Final.</subfield>
    <subfield code="t">Casos conflictivos y comentarios cr&#xED;ticos relacionados en parte con legislaciones de Cuba y Puerto Rico.</subfield>
  </datafield>
  <datafield tag="505" ind1=" " ind2=" ">
    <subfield code="a">Segunda Parte</subfield>
    <subfield code="t">Tarifa de primas.-- Tarifa a corto plazo.-- Otras tarifas de inter&#xE9;s.-- Cat&#xE1;logo de mecanismos para empresas.--</subfield>
    <subfield code="g">Tercera Parte.</subfield>
    <subfield code="t">Breve estudio comparativo de las legislaciones sobre accidentes del trabajo de la Rep&#xFA;blica de Cuba, Puerto Rrico y la Rep&#xFA;blica Dominicana.--</subfield>
    <subfield code="g">Cuarta Parte</subfield>
    <subfield code="t">Esta parte comprende diversas leyes sobre jornada comercial de trabajo, sobre salario m&#xED;nimos y descanso dominical que interesa conocer.-</subfield>
    <subfield code="g">Parte Final.</subfield>
    <subfield code="t">La parte final de esta obra est&#xE1; destinada a ilustrar al lector sobre los diez primeros a&#xF1;os de servicio social rendido por la Compa&#xF1;&#xED;a Nacional de Seguros "San Rafael", C. por A., hasta la fecha la &#xFA;nica autorizada legalmente para el seguro sobre Accidentes del Trabajo. Y como complemento una relaci&#xF3;n de las sociedades obreros establecidas en Ciudad Trujillo, Capital de la Rep&#xFA;blica Dominicana.</subfield>
  </datafield>
  <datafield tag="590" ind1=" " ind2=" ">
    <subfield code="a">Inventariado 2023 / MF</subfield>
  </datafield>
  <datafield tag="942" ind1=" " ind2=" ">
    <subfield code="2">ddc</subfield>
    <subfield code="c">LBS1</subfield>
  </datafield>
  <datafield tag="952" ind1=" " ind2=" ">
    <subfield code="0">0</subfield>
    <subfield code="1">0</subfield>
    <subfield code="2">ddc</subfield>
    <subfield code="5">1</subfield>
    <subfield code="7">0</subfield>
    <subfield code="8">PD-RV</subfield>
    <subfield code="a">BNPHU</subfield>
    <subfield code="b">BNPHU</subfield>
    <subfield code="c">CT</subfield>
    <subfield code="d">2017-01-03</subfield>
    <subfield code="e">Donado por el Poder Judicial</subfield>
    <subfield code="l">0</subfield>
    <subfield code="o">368.7097293 P645s </subfield>
    <subfield code="p">2023-4993</subfield>
    <subfield code="r">2023-07-20</subfield>
    <subfield code="w">2023-07-20</subfield>
    <subfield code="y">LBS1</subfield>
  </datafield>
  <datafield tag="999" ind1=" " ind2=" ">
    <subfield code="c">54222</subfield>
    <subfield code="d">54222</subfield>
  </datafield>
</record>
